00349nam a22001097a 4500041000800000082001300008100001700021245004700038260002300085300000800108650012300116 aENG a261bVAR aVarkey Mothy aChurch and Diakonia in the Age of Covid-19 aDelhibISPCKc2020 a144 a COVID-19 (Disease) Religious aspects ChristianityaChurch work with the sickaDiseases Religious aspects Christianity